Statistics for Solve the Secret Capital City #4

Click here to take the quiz!

General Stats

  • This quiz has been taken 618 times
  • The average score is 13 of 27

Answer Stats

Scramble Capital City % Correct
ABKUBaku
100%
AGIRRiga
97%
ADHIRYRiyadh
78%
ACIIORTVVictoria
77%
AEIJKKRVYReykjavik
75%
AAIPRPraia
74%
AAANSSanaa
73%
BILNOSLisbon
63%
BEILNRBerlin
63%
ADDMOODodoma
58%
CMOOSWMoscow
55%
AEHNRTTehran
53%
AAABDILMSIslamabad
46%
AABBEMNMbabane
38%
ACIINOSNicosia
36%
ABDEHNSUDushanbe
35%
IILNSUVVilnius
30%
AAHINORHoniara
30%
EEGGNOORTWGeorgetown
29%
HHIMPTUThimphu
29%
AAAAINNNORTVAntananarivo
28%
EEFNORTWFreetown
26%
AAABGHSTAshgabat
26%
Secret Capital CityLILONGWE
25%
BEEIILLLRVLibreville
24%
AEGINOPRSSingapore
24%
AIMNOORVMonrovia
21%

Score Distribution

Percentile by Number Answered

Percent of People with Each Score

Your Score History

You have not taken this quiz